000 00562nam a2200193Ia 4500
003 IN-BaIIA
008 211028s9999 xx 000 0 eng d
020 _a978-81-8467-283-1
040 _cIIA Library
080 _a52(540)
_bSHY
100 _aShylaja, B. S
245 0 _aChintamani Ragoonatha Charry and contemporary Indian astronomy
_cB. S. Shylaja
260 _aBangalore
_bNavakarnataka Publications
_c2012
300 _aiv, 96p.
650 _aAstronomy
_980
650 _aBiography
_91224
650 _aChintamani Ragoonatha Charry
_935871
942 _cBK
999 _c18732
_d18732